Arthur Schopenhauer´ sämtliche Werke in sechs Baenden (Record no. 6113)

MARC details
000 -CABECERA
campo de control de longitud fija 00704nam a2200229 a 4500
001 - NÚMERO DE CONTROL
campo de control BRCA_6429
005 - FECHA Y HORA DE LA ÚLTIMA TRANSACCIÓN
campo de control 20190320205441.0
008 - DATOS DE LONGITUD FIJA--INFORMACIÓN GENERAL
campo de control de longitud fija 210911s1859----gw-#######---#000-0#ger-#
050 #4 - SIGNATURA TOPOGRÁFICA DE LA BIBLIOTECA DEL CONGRESO
Número de clasificación PQ2226
Número de documento/Ítem .A5 P36
-- 1859
100 1# - ENTRADA PRINCIPAL--NOMBRE DE PERSONA
Nombre de persona Schopenhauer, Arthur
Fechas asociadas al nombre 1788-1860
9 (RLIN) 16057
245 10 - MENCIÓN DE TÍTULO
Título Arthur Schopenhauer´ sämtliche Werke in sechs Baenden
Mención de responsabilidad, etc. Arthur Schopenhauer; herausgeben von Eduard Grisebach.
250 ## - MENCIÓN DE EDICIÓN
Mención de edición 3
260 ## - PUBLICACIÓN, DISTRIBUCIÓN, ETC.
Lugar de publicación, distribución, etc. Leipzig
Nombre del editor, distribuidor, etc. Philipp Reclam
Fecha de publicación, distribución, etc. 1859
300 ## - DESCRIPCIÓN FÍSICA
Extensión 6 v.
Dimensiones 14 cm.
500 ## - NOTA GENERAL
Nota general L13
504 ## - NOTA DE BIBLIOGRAFÍA, ETC.
Nota de bibliografía, etc. Bibliografía: p. 280-394 en el tomo VI
650 14 - PUNTO DE ACCESO ADICIONAL DE MATERIA--TÉRMINO DE MATERIA
Término de materia o nombre geográfico como elemento de entrada Filosofía
9 (RLIN) 14906
650 14 - PUNTO DE ACCESO ADICIONAL DE MATERIA--TÉRMINO DE MATERIA
Término de materia o nombre geográfico como elemento de entrada Filósofos
9 (RLIN) 16058
700 1# - PUNTO DE ACCESO ADICIONAL--NOMBRE DE PERSONA
Nombre de persona Grisebach, Eduard
Término indicativo de función/relación pr.
9 (RLIN) 16059
902 ## - CATALOGADOR
Iniciales GFM
942 ## - ELEMENTOS DE PUNTO DE ACCESO ADICIONAL (KOHA)
Fuente del sistema de clasificación o colocación Library of Congress Classification
Tipo de ítem Koha Libros
Holdings
Estado de retiro Estado de pérdida Estado dañado No para préstamo Localización permanente Ubicación/localización actual Fecha de adquisición Número de inventario Total de préstamos Signatura topográfica completa Código de barras Fecha visto por última vez Precio válido a partir de Tipo de ítem Koha
El ejemplar forma parte de la colección y puede ser consultado según las políticas vigentes.       Biblioteca del Museo Franz Mayer (Rogerio Casas-Alatriste) Biblioteca del Museo Franz Mayer (Rogerio Casas-Alatriste) 21/09/2011 L13   PQ2226 .A5 P36 1859 (L13) 6876 22/03/2019 22/03/2019 Libros